Statistiken für Karte von Europa mit zufällig zusammengefügten Ländern

Klicken Sie hier um das Quiz zu spielen!

Allgemein

  • Dieses Quiz wurde 23.528 mal gespielt
  • Das Durchschnittsergebnis liegt bei 10 aus 12

Antworten auf der Karte

Die Antworten werden auf der Karte rot bzw. grün angezeigt, abhängig davon wie oft sie richtig erraten wurden.
 

Antwortstatistiken

Land% Korrekt
LänderDeutschland
99%
LänderDeutschland
99%
LänderFrankreich
98%
LänderDeutschland
97%
LänderDeutschland
97%
LänderPolen
97%
LänderSpanien
97%
LänderDeutschland
96%
LänderDeutschland
96%
LänderFrankreich
96%
LänderFrankreich
96%
LänderPolen
96%
LänderPolen
96%
LänderSchweden
96%
LänderDeutschland
95%
LänderItalien
95%
LänderNorwegen
95%
LänderÖsterreich
94%
LänderÖsterreich
94%
LänderPolen
94%
LänderUkraine
94%
LänderItalien
93%
LänderÖsterreich
93%
LänderPolen
93%
LänderFinnland
92%
LänderItalien
92%
LänderÖsterreich
92%
LänderÖsterreich
92%
LänderPolen
92%
LänderRussland
92%
LänderRussland
92%
LänderUkraine
92%
LänderUkraine
92%
LänderBelarus
91%
LänderFrankreich
91%
LänderUkraine
91%
LänderFrankreich
90%
LänderRussland
90%
LänderSpanien
90%
LänderUkraine
90%
LänderBelarus
89%
LänderÖsterreich
89%
LänderÖsterreich
89%
LänderSchweiz
89%
LänderSchweiz
89%
LänderSchweiz
89%
LänderTschechien
89%
LänderTschechien
89%
LänderTschechien
89%
LänderPortugal
88%
LänderSchweiz
88%
LänderUkraine
88%
LänderBelgien
87%
LänderTschechien
87%
LänderUngarn
87%
LänderBelgien
86%
LänderFinnland
86%
LänderItalien
86%
LänderKroatien
86%
LänderLettland
86%
LänderNiederlande
86%
LänderNiederlande
86%
LänderRumänien
86%
LänderSchweden
86%
LänderBelarus
85%
LänderRumänien
85%
LänderRumänien
85%
LänderBelgien
84%
LänderKroatien
84%
LänderRumänien
84%
LänderRussland
84%
LänderSlowakei
84%
LänderUngarn
84%
LänderBelarus
83%
LänderLettland
83%
LänderRussland
83%
LänderSerbien
83%
LänderGriechenland
82%
LänderSlowakei
82%
LänderSlowakei
82%
LänderUngarn
82%
LänderKroatien
81%
LänderLettland
81%
LänderLitauen
81%
LänderSlowakei
81%
LänderUngarn
81%
LänderUngarn
81%
LänderBulgarien
80%
LänderSerbien
80%
LänderGriechenland
79%
LänderLitauen
79%
LänderBosnien und Herzegowina
78%
LänderBulgarien
78%
LänderEstland
78%
LänderSerbien
78%
LänderSlowenien
78%
LänderSlowenien
78%
LänderBelarus
77%
LänderBosnien und Herzegowina
77%
LänderBulgarien
77%
LänderEstland
77%
LänderLettland
77%
LänderSerbien
77%
LänderBulgarien
76%
LänderLitauen
76%
LänderSerbien
76%
LänderSlowakei
76%
LänderUngarn
76%
LänderAlbanien
75%
LänderKroatien
75%
LänderUkraine
75%
LänderIrland
74%
LänderSlowenien
74%
LänderRumänien
73%
LänderFinnland
71%
LänderNorwegen
71%
LänderVereinigtes Königreich
71%
LänderAlbanien
70%
LänderGriechenland
70%
LänderMoldawien
68%
LänderNordmazedonien
68%
LänderMoldawien
65%
LänderNordmazedonien
65%
LänderNordmazedonien
63%

Verteilung der Resultate

Perzentil nach korrekt beantworteten Fragen

Anzahl Personen mit jedem Resultat

Ihre Resultats-Entwicklung

Sie haben dieses Quiz noch nicht gespielt